Projektová podpora v manažmente kultúry

Analýza systému projektovej podpory v kultúrnom manažmente na Slovensku a preskúmanie jeho úlohy pri formovaní organizačných procesov, manažérskych postupov a interpretácie umeleckých a kultúrnych hodnôt. Prepojenie medzi kultúrnou politikou, mechanizmami financovania projektov a profesionálnou úloh...

Descrizione completa

Salvato in:
Dettagli Bibliografici
Autore principale: Konáriková Mackovčínová, Bibiána
Natura: Capitolo di libro
Lingua:slovacco
Soggetti:
Tags: Aggiungi Tag
Nessun Tag, puoi essere il primo ad aggiungerne!!

MARC

LEADER 00000naa a2200000 4500
001 0315582
005 20260326081450.5
041 0 |a slo 
044 |a SK 
245 1 0 |a Projektová podpora v manažmente kultúry  |c Bibiána Konáriková Mackovčínová 
520 |a Analýza systému projektovej podpory v kultúrnom manažmente na Slovensku a preskúmanie jeho úlohy pri formovaní organizačných procesov, manažérskych postupov a interpretácie umeleckých a kultúrnych hodnôt. Prepojenie medzi kultúrnou politikou, mechanizmami financovania projektov a profesionálnou úlohou kultúrnych manažérov ako mediátorov medzi umeleckou tvorbou, inštitúciami a verejnosťou. Štúdia je založená na kvalitatívnom analytickom prístupe kombinujúcom prehľad relevantnej akademickej literatúry, strategických a politických dokumentov a analýze inštitucionálnych rámcov financovania kultúry na Slovensku a v Európe. Konceptuálna analýza je aplikovaná na vybrané modely projektového riadenia, kultúrneho líderstva a organizačnej kultúry s osobitným dôrazom na ich aplikáciu v kultúrnom a kreatívnom sektore. 
610 2 0 |a manažment 
610 2 0 |a kultúra 
610 2 0 |a umenie 
610 2 0 |a financovanie projektové 
610 2 0 |a riadenie projektové 
610 2 0 |a granty 
100 1 |a Konáriková Mackovčínová, Bibiána